00629nam a2200169Ia 4500008004100000041000800041082001500049100002100064245006800085260003900153300000800192365001600200700004800216906003100264999001900295952014500314230718s9999 xx 000 0 und d aeng a621.7bCHO aChoudhury S.K.H. aElements Of Workshop Technology bVol.I: Manufactring Processes c2008bMedia Promoters & Publishers a650 cRs.b200.00 aChoudhury S.K.H.; Choudhury A.K.H. & Roy N. dB:694111-Dec-2008cSSb170 c320457d320457 00104070aCCEPbCCEPd2009-02-26eTbsfSSg166.00i6941l0o621.7pCCEP-BK-31664r2023-07-18 00:00:00t170v200.00w2008-12-11yBKz031664